000
00232 a2200097 4500
001
24568
100
_a
Benedict, R R
245
_a
Electronics for Scientists and Engineers
260
_a
_b
Prentice Hall
_c
1967
090
_c
16618
_d
16618
942
_a
NUST-CAE
_c
M
_c
7356
999
_c
259641
_d
259641